000 00478nam a2200169Ia 4500
005 20251020182555.0
008 200515s9999 xx 000 0 und d
082 _aR/69(030/L66/XI
100 _aGERWICK, Ben C.
245 0 _aBiblioteca internacional del ingeniero Civil : Construcción de estructuras de concreto presforzado (2a. parte)
260 _aMéxico, D.F.
260 _c1990
300 _a455
650 _aESTRUCTURAS DE CONCRETO
650 _aLIB
942 _cLIB
999 _c2854
_d2854